000
00240nam a2200109 a 4500
005
20140412111315.0
008
010423s19uu xx 00 eng d
050
_a
ER
_b
Ia6to
245
_a
I am a toucan.
650
_a
Birds
999
_c
104201
_d
104201